Une histoire d'amour (notice n° 1640868)
[ vue normale ]
| 000 -LEADER | |
|---|---|
| fixed length control field | 01212cam a2200229 4500500 |
| 005 - DATE AND TIME OF LATEST TRANSACTION | |
| control field | 20260201095729.0 |
| 041 ## - LANGUAGE CODE | |
| Language code of text/sound track or separate title | fre |
| 042 ## - AUTHENTICATION CODE | |
| Authentication code | dc |
| 100 10 - MAIN ENTRY--PERSONAL NAME | |
| Personal name | Vidal, Marie |
| Relator term | author |
| 245 00 - TITLE STATEMENT | |
| Title | Une histoire d'amour |
| 260 ## - PUBLICATION, DISTRIBUTION, ETC. | |
| Date of publication, distribution, etc. | 2008.<br/> |
| 500 ## - GENERAL NOTE | |
| General note | 98 |
| 520 ## - SUMMARY, ETC. | |
| Summary, etc. | RésuméJe travaille en psychiatrie depuis vingt ans et j’y prends toujours autant de plaisir.J’aime travailler dans des services où les patients ont des pathologies très lourdes.Lorsque on s’occupe d’eux on est souvent surpris ou étonné par leur potentiel et les ressources qu’ils ont. Même si l’on donne beaucoup de nous-mêmes, c’est énorme ce qu’on reçoit de ces patients, souvent ils nous donnent des émotions extraordinaires. Le travail en équipe dans ces services difficiles est aussi très enrichissant, la notion de groupe, d’équipe y étant très importante. |
| 690 ## - LOCAL SUBJECT ADDED ENTRY--TOPICAL TERM (OCLC, RLIN) | |
| Topical term or geographic name as entry element | émotion |
| 690 ## - LOCAL SUBJECT ADDED ENTRY--TOPICAL TERM (OCLC, RLIN) | |
| Topical term or geographic name as entry element | équipe |
| 690 ## - LOCAL SUBJECT ADDED ENTRY--TOPICAL TERM (OCLC, RLIN) | |
| Topical term or geographic name as entry element | ne pas avoir peur des obstacles |
| 690 ## - LOCAL SUBJECT ADDED ENTRY--TOPICAL TERM (OCLC, RLIN) | |
| Topical term or geographic name as entry element | psychiatrie |
| 690 ## - LOCAL SUBJECT ADDED ENTRY--TOPICAL TERM (OCLC, RLIN) | |
| Topical term or geographic name as entry element | solidarité |
| 690 ## - LOCAL SUBJECT ADDED ENTRY--TOPICAL TERM (OCLC, RLIN) | |
| Topical term or geographic name as entry element | travail d'équipe |
| 786 0# - DATA SOURCE ENTRY | |
| Note | Empan | 70 | 2 | 2008-08-19 | p. 87-90 | 1152-3336 |
| 856 41 - ELECTRONIC LOCATION AND ACCESS | |
| Uniform Resource Identifier | <a href="https://shs.cairn.info/revue-empan-2008-2-page-87?lang=fr&redirect-ssocas=7080">https://shs.cairn.info/revue-empan-2008-2-page-87?lang=fr&redirect-ssocas=7080</a> |
Pas d'exemplaire disponible.




Réseaux sociaux